000 01763nam0a2200325 4500
001 RU\NLR\b_ik\197682
005 20250616231326.0
035 _a(NLR Aleph) 002270065
090 _a3937984
_c3937984
100 _a20121008d2012 |||y0rusy50 ca
101 0 _aeng
_drus
102 _aRU
105 _aa |||||||||
200 1 _aNew software of the control and data acquisition system for the nuclotron internal target station
_fA.Yu. Isupov
210 _aДубна
_cИздательский отдел Объединенного института ядерных исследований
_d2012
215 _a19, [1] с.
_cил.
_d22
225 1 _aСообщения Объединенного института ядерных исследований, Дубна
_vЕ10-2012-32
300 _aНа 3-й с. обл.: Новое программное обеспечение системы управления и сбора данных для станции внутренних мишеней нуклотрона / Исупов А.Ю.
300 _aРез. на рус. яз.
320 _aБиблиогр. в конце кн. (10 назв.)
517 0 _aНовое программное обеспечение системы управления и сбора данных для станции внутренних мишеней нуклотрона
606 1 _aНуклотроны
_xОбработка данных
_92413144
_3RU\NLR\AUTH\661437631
606 1 _aНуклотроны
_xМишени
_92221325
_3RU\NLR\AUTH\661333817
686 1 _aВ381.12-4
700 1 _aIsupov
_bA. J.
_gAleksandr Jur'evič
_4070
801 0 _aRU
_bNLR
_c20121008
_gRCR
942 _cBOOK
980 _aNB